Statistiques concernant Les ponts de Montréal

Cliquez ici pour prendre le quiz!

Statistiques générales

  • Ce quiz a été pris 57 fois
  • Le résultat moyen est 9 sur 32

Statistiques - réponses

Villes reliées Answer % Correct
Longueuil et l'île Sainte-Hélène/MontréalJacques-Cartier
93%
Brossard et L'Île-des-Soeurs/MontréalSamuel-de-Champlain
88%
Saint-Lambert et Griffintown (Montréal)Victoria
81%
Kahnawake et Lasalle (Montréal)Honoré-Mercier
76%
Boucherville et MontréalLouis-Hippolyte Lafontaine
64%
Montréal et LavalPie-IX
52%
Montréal et LavalPapineau-Leblanc
50%
Montréal et l'île Notre-DameDe la Concorde
40%
Ahuntsic (Montréal) et LavalViau
36%
Charlemagne et MontréalCharles-de-Gaulle
31%
Montréal et Vaudreuil-DorionDe l'Île-aux-Tourtes
29%
Repentigny et Pointe-aux-TremblesLe Gardeur
26%
Montréal et l'île BizardJacques-Bizard
26%
Montréal et LavalOlivier-Charbonneau
21%
Montréal et LavalMédéric-Martin
21%
Cartierville (Montréal) et LavalLachapelle
21%
Montréal et Chomedey (Laval)Louis-Bisson
21%
Laval et BoisbriandGédéon-Ouimet
14%
Sainte-Anne-de-Bellevue (Montréal) et L'Île-PerrotGalipeault
14%
L'Île-Perrot et Vaudreuil-DorionTaschereau
12%
Laval et Saint-EustacheArthur-Sauvé
12%
Laval et TerrebonneSophie-Masson
12%
l'île Saint-Jean et TerrebonneMathieu
12%
Laval et BoisbriandVachon
10%
Sainte-Rose (Laval) et RosemèreMarius-Dufresne
10%
Charlemagne et RepentignyBenjamin-Moreau
10%
Salaberry-de-Valleyfield et Coteau-du-LacMonseigneur-Langlois
10%
Salaberry-de-Valleyfield et Saint-Stanislas-de-KostkaLarocque
10%
Salaberry-de-Valleyfield et Les CèdresSerge-Marcil
10%
Beauharnois et Salaberry-de-ValleyfieldMadeleine-Parent
10%
Laval et Bois-des-FilionAthanase-David
7%
Laval et l'île Saint-Jean (Terrebonne)Lepage
7%

Distribution des résultats

Percentile par nombre de réponses

% des personnes avec chaque résultat

Votre développement - résultats

Vous n’avez pas pris ce quiz